All Countries by Population With a Map - Statistics

General Stats
  • This quiz has been taken 109,702 times
    106,964 since last reset
  • The average score is 74 of 196
Answers on the Map
Answers color-coded by a green-red scale on the quiz's map according to % correct below.
 
Answer Stats
Population Country % Correct
1,465,621,962 India
100%
1,423,766,679 China
99%
351,055,235 United States
98%
286,021,126 Indonesia
94%
255,770,551 Pakistan
89%
212,918,506 Brazil
88%
238,194,344 Nigeria
87%
143,877,658 Russia
86%
123,012,604 Japan
81%
132,092,560 Mexico
80%
175,979,209 Bangladesh
79%
135,938,445 Ethiopia
77%
113,322,762 D. R. Congo
75%
101,680,384 Vietnam
75%
118,603,051 Egypt
73%
83,983,784 Germany
73%
116,915,630 Philippines
73%
69,237,567 France
72%
87,715,041 Turkey
72%
70,149,894 United Kingdom
72%
92,526,421 Iran
71%
71,612,626 Thailand
67%
59,117,597 Italy
66%
64,845,591 South Africa
63%
57,682,755 Kenya
62%
70,820,196 Tanzania
61%
45,872,030 Argentina
60%
40,176,161 Canada
59%
53,497,554 Colombia
59%
47,885,903 Spain
59%
41,936,503 Yemen
59%
51,572,628 Uganda
58%
47,518,026 Algeria
57%
51,658,807 South Korea
57%
47,155,918 Iraq
56%
54,897,701 Myanmar
56%
51,884,037 Sudan
56%
39,079,275 Poland
55%
39,171,729 Ukraine
55%
28,532,568 Venezuela
53%
44,006,230 Afghanistan
52%
27,009,234 Australia
52%
34,625,070 Peru
52%
39,079,523 Morocco
50%
37,146,134 Uzbekistan
50%
21,996,213 Zambia
50%
39,198,680 Angola
49%
34,648,483 Saudi Arabia
49%
36,034,536 Malaysia
48%
16,994,703 Zimbabwe
48%
35,150,853 Ghana
46%
1,000 Vatican City
46%
20,877,595 Kazakhstan
45%
32,818,520 Ivory Coast
44%
35,767,742 Mozambique
44%
28,039,542 Niger
44%
32,847,246 Madagascar
43%
19,872,291 Chile
42%
29,615,269 Nepal
42%
26,580,286 North Korea
42%
9,000 Tuvalu
42%
12,000 Nauru
41%
29,982,788 Cameroon
40%
25,298,420 Mali
40%
18,000 Palau
40%
18,894,251 Romania
40%
11,506,250 Jordan
39%
18,311,032 Ecuador
38%
11,924,028 Haiti
38%
18,545,296 Netherlands
37%
5,521,224 Oman
37%
3,124,469 Qatar
37%
25,742,909 Syria
37%
21,079,385 Chad
36%
11,030,583 Honduras
36%
38,000 Monaco
36%
19,742,949 Somalia
36%
23,099,070 Taiwan
36%
12,604,944 Bolivia
35%
9,623,805 Hungary
35%
10,409,815 Portugal
35%
34,000 San Marino
35%
10,663,282 Sweden
35%
17,876,134 Cambodia
34%
18,726,239 Guatemala
34%
40,000 Liechtenstein
34%
14,613,522 Rwanda
34%
11,761,185 Belgium
33%
24,146,834 Burkina Faso
33%
6,118,005 Denmark
33%
5,623,273 Finland
33%
114,000 F. S. Micronesia
33%
6,505,033 Republic of the Congo
33%
23,245,661 Sri Lanka
33%
11,381,782 United Arab Emirates
33%
336,093 Vanuatu
33%
11,532,565 Dominican Republic
32%
9,933,537 Greece
32%
136,273 Kiribati
32%
83,000 Andorra
31%
9,112,907 Austria
31%
10,930,991 Cuba
31%
15,146,707 Guinea
31%
9,534,755 Israel
31%
5,628,463 Norway
31%
18,990,997 Senegal
31%
12,358,287 Tunisia
31%
7,886,931 Laos
30%
22,293,023 Malawi
30%
36,000 Marshall Islands
30%
10,788,403 Papua New Guinea
30%
398,546 Iceland
29%
5,314,829 Ireland
29%
2,836,727 Jamaica
29%
7,469,653 Libya
29%
104,000 Tonga
29%
3,384,727 Uruguay
29%
94,000 Antigua and Barbuda
28%
8,989,805 Belarus
28%
14,862,346 Benin
28%
14,436,161 Burundi
28%
10,589,606 Czech Republic
28%
7,309,750 Kyrgyzstan
28%
7,024,473 Paraguay
28%
12,222,324 South Sudan
28%
10,405,921 Azerbaijan
27%
66,000 Dominica
27%
47,000 Saint Kitts and Nevis
27%
8,973,009 Switzerland
27%
933,546 Fiji
26%
117,000 Grenada
26%
5,271,917 New Zealand
26%
10,813,222 Tajikistan
26%
100,000 Saint Vincent and the Grenadines
25%
6,708,717 Bulgaria
24%
3,522,464 Mongolia
24%
7,020,292 Nicaragua
24%
180,000 Saint Lucia
24%
219,273 Samoa
24%
6,682,171 Serbia
24%
7,635,389 Turkmenistan
24%
283,000 Barbados
23%
2,824,263 Lithuania
23%
681,093 Luxembourg
23%
9,750,135 Togo
23%
1,421,186 East Timor
22%
5,037,200 Kuwait
22%
1,850,995 Latvia
22%
4,578,649 Panama
22%
403,273 Bahamas
21%
6,369,551 El Salvador
21%
3,617,381 Eritrea
21%
1,341,541 Estonia
21%
5,469,810 Slovakia
21%
5,538,132 Central African Republic
20%
3,844,449 Croatia
20%
3,806,727 Georgia
20%
1,672,907 Kosovo
20%
5,334,942 Mauritania
20%
3,101,469 Namibia
20%
133,273 Seychelles
20%
2,948,995 Armenia
19%
885,186 Comoros
19%
5,156,005 Costa Rica
19%
1,186,186 Djibouti
19%
5,855,556 Lebanon
19%
5,747,117 Liberia
19%
545,820 Malta
19%
240,820 São Tomé and Príncipe
19%
8,844,038 Sierra Leone
19%
2,768,995 Albania
18%
3,136,449 Bosnia and Herzegovina
18%
2,567,737 Botswana
18%
466,546 Brunei
18%
836,546 Guyana
18%
2,366,551 Lesotho
18%
530,273 Maldives
18%
5,875,917 Singapore
18%
841,459 Solomon Islands
18%
423,820 Belize
17%
797,546 Bhutan
17%
527,546 Cape Verde
17%
1,257,912 Eswatini
17%
2,600,376 Gabon
17%
2,116,727 Slovenia
17%
1,511,546 Trinidad and Tobago
17%
2,256,556 Guinea-Bissau
16%
1,267,727 Mauritius
16%
2,990,536 Moldova
16%
640,820 Suriname
16%
1,372,639 Cyprus
15%
1,944,283 Equatorial Guinea
15%
2,830,469 Gambia
15%
1,812,634 North Macedonia
15%
1,647,644 Bahrain
14%
631,634 Montenegro
14%
No matching quizzes found
Score Distribution
Percent of People with Each Score
Percentile by Number Answered
Your Score History
You have not taken this quiz since the last reset